| Tag |
First Indicator |
Second Indicator |
Subfields |
| LEADER |
00000cam a2200000 a 4500 |
| 001 |
in00000078822 |
| 005 |
20151008053932.0 |
| 008 |
800206s1979 ch b 00010 engmd |
| 035 |
|
|
|a (OCoLC)05955760
|
| 035 |
|
|
|9 AAH9116AM
|
| 040 |
|
|
|a UIU
|c UIU
|d m.c.
|d TXA
|d UtOrBLW
|
| 049 |
|
|
|a TXAM
|c [1501938]
|
| 090 |
|
|
|a QA267.3
|b .S56 1979
|
| 100 |
1 |
|
|a Shyr, H. J.
|
| 245 |
1 |
0 |
|a Free monoids and languages /
|c H.J. Shyr.
|
| 264 |
|
1 |
|a Taipei, Taiwan :
|b Dept. of Mathematics, Soochow University,
|c 1979.
|
| 300 |
|
|
|a 141 pages ;
|c 23 cm.
|
| 336 |
|
|
|a text
|b txt
|2 rdacontent
|
| 337 |
|
|
|a unmediated
|b n
|2 rdamedia
|
| 338 |
|
|
|a volume
|b nc
|2 rdacarrier
|
| 500 |
|
|
|a On cover: Lecture notes.
|
| 504 |
|
|
|a Bibliography: pages 137-141.
|
| 650 |
|
0 |
|a Formal languages.
|
| 650 |
|
0 |
|a Monoids.
|
| 999 |
|
|
|a MARS
|
| 999 |
f |
f |
|s fc4d2f8b-653d-3c0b-8163-29ca4ab5fa0d
|i f0959e1e-d38f-35d8-88f0-c9c72372f5f3
|t 0
|
| 952 |
f |
f |
|p ric
|a Texas A&M University
|b Rellis Campus
|c Joint Library Facility
|d Remote Storage
|t 0
|e QA267.3 .S56 1979
|h Library of Congress classification
|i unmediated -- volume
|m A14806203750
|
| 998 |
f |
f |
|a QA267.3 .S56 1979
|t 0
|l Remote Storage
|